| 000 | 01502nam a22002895a 4500 | ||
|---|---|---|---|
| 003 | OSt | ||
| 005 | 20170404121334.0 | ||
| 008 | 161207s2007 ua frb 000 0 ara d | ||
| 015 | _a2006 / 18376 | ||
| 020 | _z978978871 (مج. 2) | ||
| 040 |
_aEG-ScBUE _bara _cEG-ScBUE _dEG-ScBUE |
||
| 043 | _af-ua--- | ||
| 082 | 0 | 4 |
_a345.62 _bإ ب ر _222 |
| 100 | 1 | _aإبراهيم، مدحت محمد عبد العزيز. | |
| 245 | 1 | 0 |
_aقانون العقوبات. _pالقسم العام / _cمدحت محمد عبد العزيز إبراهيم. |
| 250 | _aط. 1. | ||
| 260 |
_aالقاهرة : _bدار النهضة العربية، _c2007. |
||
| 300 |
_aمج. (2، 3) ؛ _c24 سم. |
||
| 504 | _aيشتمل على إرجاعات ببليوجرافية. | ||
| 505 | 2 | _aمج. 2. النظرية العامة للجريمة والمساهمة الجنائية : تقسيمات الجرائم - الجريمة التامة - الجريمة الناقصة - موانع المسئولية الجنائية - المساهمة الأصلية - المساهمة التبعية -- مج. 3. النظرية العامة للعقوبة والتدابير الاحترازية : دراسة مقارنة. | |
| 650 | 7 |
_aقانون العقوبات _zمصر. _2BUEsh _941137 |
|
| 650 | 7 |
_aالجريمة والمجرمون _xقوانين وتشريعات _zمصر. _2BUEsh |
|
| 650 | 7 |
_aالمسئولية الجنائية _zمصر. _2BUEsh |
|
| 651 | _2BUEsh | ||
| 653 |
_bLLAAWW _cDecember2016 _cApril2017 |
||
| 942 | _2ddc | ||
| 999 |
_c23482 _d23454 |
||